000 00459nam a2200169Ia 4500
003 GCL
008 140319s9999 xx 000 0 ara d
040 _aGCL /
_cGCL
082 0 4 _a415.1
_bج م
245 1 0 _aما جاء على فعلت وافعلت بمعنى واحد مؤلف على حروف المعجم
300 _a96 ص
490 _a
650 0 4 _aالنحو
650 0 4 _aاللغة العربية
650 0 4 _aالافعال
942 _2ddc
_cBK
999 _c38010
_d38010